Jonah: A Fishy Tail (Record no. 3921)

MARC details
000 -LEADER
fixed length control field 00381nam a22001217a 4500
005 - DATE AND TIME OF LATEST TRANSACTION
control field 20210423152552.0
008 - FIXED-LENGTH DATA ELEMENTS--GENERAL INFORMATION
fixed length control field 210423b ||||| |||| 00| 0 eng d
020 ## - INTERNATIONAL STANDARD BOOK NUMBER
International Standard Book Number 9781906988388
040 ## - CATALOGING SOURCE
Transcribing agency CML
245 ## - TITLE STATEMENT
Title Jonah: A Fishy Tail
Statement of responsibility, etc. Cliff Mary, Fort Kelly
260 ## - PUBLICATION, DISTRIBUTION, ETC.
Place of publication, distribution, etc. United Kingdom
Name of publisher, distributor, etc. Ouot Of The Ark Limited
Date of publication, distribution, etc. 2012
942 ## - ADDED ENTRY ELEMENTS (KOHA)
Source of classification or shelving scheme Dewey Decimal Classification
Koha item type Books
Edition 1st Edition
Classification part 782.14083
Call number suffix CLI
Holdings
Withdrawn status Lost status Source of classification or shelving scheme Damaged status Not for loan Collection code Home library Current library Shelving location Date acquired Total Checkouts Full call number Barcode Date last seen Copy number Price effective from Koha item type
    Dewey Decimal Classification     Technology (Applied Sciences) Chalimbana Main Library Chalimbana Main Library Technology (Applied Sciences) 04/23/2021   782.140083 CLI 9781906988388 04/23/2021 1 04/23/2021 Books

Powered by Koha